Flags of Inhabited Dependent Territories - Statistics

General Stats
  • This quiz has been taken 129 times
  • The average score is 29 of 36
Answer Stats
Picture Answer % Correct
Hong Kong
98%
Guam
96%
Isle of Man
96%
Puerto Rico
96%
Gibraltar
95%
Greenland
95%
Faroe Islands
90%
American Samoa
89%
Aruba
89%
Macau
89%
U.S. Virgin Islands
88%
Åland
87%
Guernsey
87%
Jersey
86%
Christmas Island
84%
Bermuda
83%
British Virgin Islands
81%
Curaçao
81%
French Polynesia
81%
Cook Islands
80%
New Caledonia
80%
Niue
80%
Anguilla
77%
Falkland Islands
77%
Norfolk Island
77%
Northern Mariana Islands
77%
Cocos (Keeling) Islands
76%
Montserrat
73%
Tokelau
73%
Turks and Caicos Islands
73%
Saint Pierre and Miquelon
71%
Sint Maarten
70%
Wallis and Futuna
66%
Pitcairn Islands
64%
Cayman Islands
63%
Saint Barthélemy
59%
No matching quizzes found
Score Distribution
Percent of People with Each Score
Percentile by Number Answered
Your Score History
You have not taken this quiz